| 000 | 005070000a22001930004500 | ||
|---|---|---|---|
| 001 | 004824 | ||
| 003 | MACL | ||
| 005 | 20151205114905.0 | ||
| 008 | 151205b xxu||||| |||| 00| 0 eng d | ||
| 040 |
_aMACL _cMACL |
||
| 041 | _aEnglish | ||
| 082 | _a742 | ||
| 100 |
_aAngel Publishing House _919193 |
||
| 245 |
_aStories From Fairy Land _b2 stories Alice In Wonderland Naughty Joey |
||
| 260 |
_aChildren's Book Trust, _c2002 |
||
| 350 | _a25 | ||
| 650 |
_aChildren's Book _919194 |
||
| 942 |
_k742 _cBK _2ddc |
||
| 999 |
_c16708 _d16708 |
||